Statystyki dla Nazwy urzędowe podanych państw

Kliknij tutaj aby rozwiązać quiz!

Ogólne statystyki

  • Ten quiz został rozwiązany 26 razy
  • Średni wynik to 4 z 15

Statystyki odpowiedzi

Odpowiedź% Poprawnych
Francja:Republika Francuska
80%
Szwecja:Królestwo Szwecji
56%
Republika Południowej Afryki:Republika Południowej Afryki
52%
Peru:Republika Peru
44%
Watykan:Państwo Watykańskie/Stolica Apostolska
32%
Luksemburg:Wielkie Księstwo Luksemburga
32%
Pakistan:Islamska Republika Pakistanu
28%
Jamajka:Jamajka
24%
Nowa Zelandia:Nowa Zelandia
24%
Ghana:Republika Ghany
24%
Oman:Sułtanat Omanu
12%
Brazylia:Federacyjna Republika Brazyli
4%
Naddniestrze:Naddniestrzańska Republika Mołdawska
4%
Japonia:Państwo Japońskie
4%
Tanzania:Zjednoczona Republika Tanzani
4%

Rozkład punktacji

Percentyl według liczby udzielonych odpowiedzi

Procent ludzi z każdym wynikiem

Twoja historia wyników

Nie rozwiązałeś tego quizu